[Event "5th Karl Wagner mem (B)"]
[Site "Graz"]
[Date "1998.07.11"]
[Round "4.11"]
[White "Kogler, Norbert"]
[Black "Schuetz, Christian"]
[Result "1/2-1/2"]
[WhiteElo "1949"]
[BlackElo "1882"]
[PlyCount "34"]
[EventDate "1998.07.08"]

{4/(11)} 1. d4 Nf6 2. Bg5 d6 3. Bxf6 gxf6 4. e3 Nc6 5. Bc4 h5 6. Nc3 e5 7. d5
Ne7 8. h4 Bg4 9. Nge2 a6 10. f3 Bd7 11. Qd2 f5 12. b4 Bg7 13. Rb1 Ng6 14. g3 {
} 14... f4 15. exf4 exf4 16. Nxf4 Qe7+ 17. Kf2 Ne5 1/2-1/2

[Event "5th Karl Wagner mem (B)"]
[Site "Graz"]
[Date "1998.07.11"]
[Round "4.12"]
[White "Meixner, Helmut"]
[Black "Antic, Dragan"]
[Result "1/2-1/2"]
[WhiteElo "1839"]
[BlackElo "1941"]
[PlyCount "143"]
[EventDate "1998.07.08"]

{4/(12)} 1. d4 Nf6 2. c4 e6 3. Nc3 Bb4 4. Qc2 d5 5. a3 Bxc3+ 6. bxc3 O-O 7. Nf3
h6 8. e3 b6 9. cxd5 exd5 10. Bd3 Re8 11. O-O Ba6 12. Bxa6 Nxa6 13. Qd3 Qc8 14.
c4 c6 15. Bb2 Nc7 16. Rac1 Qe6 17. Ne5 Rac8 18. Rc2 Ng4 19. Nxg4 Qxg4 20. Rfc1
Re6 21. Qe2 Qg5 22. Qf3 Rf6 23. Qh3 Re6 24. a4 Ne8 25. Ba3 Rc7 26. Bb4 Rg6 27.
Qf3 Rf6 28. Qg3 Qf5 29. Qe5 Qc8 30. cxd5 Rf5 31. Qg3 Rxd5 32. Qf3 Qe6 33. Qe2
Nf6 34. Re1 Rd8 35. Rb1 Re8 36. a5 36... Nd5 {} 37. Be1 Qe4 38. Rbc1 Nf4 39.
Qf3 Qxf3 40. gxf3 Nd3 41. axb6 axb6 42. Rd1 Nxe1 43. Rxe1 Kf8 44. Kf1 Ke7 45.
Ke2 Kd6 46. Kd3 Ra8 47. e4 Ra3+ 48. Rc3 Rca7 49. Rec1 Rxc3+ 50. Rxc3 Ra1 51.
Rb3 b5 52. Rc3 Rh1 53. e5+ Kd7 54. Ra3 Rxh2 55. Ra7+ Ke8 56. Ra8+ Ke7 57. Ra7+
Ke6 58. Rc7 Rxf2 59. Rxc6+ Ke7 60. Rc7+ Ke8 61. Ke4 h5 62. d5 h4 63. e6 fxe6
64. dxe6 Rg2 65. f4 h3 66. Kf3 b4 67. Rb7 Rg6 68. Rxb4 h2 69. Rb8+ Ke7 70. Rh8
Rh6 71. Rxh6 gxh6 72. Kg2 1/2-1/2

[Event "5th Karl Wagner mem (B)"]
[Site "Graz"]
[Date "1998.07.11"]
[Round "4.13"]
[White "Brunner, Gerhard"]
[Black "Kleinsasser, Franz"]
[Result "0-1"]
[WhiteElo "1794"]
[BlackElo "1938"]
[PlyCount "74"]
[EventDate "1998.07.08"]

{4/(13)} 1. e4 c5 2. Nf3 Nc6 3. d4 cxd4 4. Nxd4 g6 5. Nc3 Bg7 6. Be3 Nf6 7. Bc4
O-O 8. h3 a6 9. Nxc6 dxc6 10. e5 Nd5 11. Bxd5 cxd5 12. Qxd5 Qc7 13. Bf4 Bf5 14.
O-O Rad8 15. Qb3 b5 16. Nd5 Qc5 17. Ne3 Be6 18. Qa3 Qxa3 19. bxa3 Rd4 20. Bg3
Ra4 21. Rfd1 Rxa3 22. Nd5 Bxd5 23. Rxd5 f6 24. Rd3 Rxd3 25. cxd3 Rd8 26. exf6
Bxf6 27. Rd1 Kf7 28. Kf1 Ke6 29. Ke2 Rc8 30. Rd2 Bc3 31. Rc2 b4 32. f3 Kd5 33.
Be1 Rc6 34. Bd2 a5 35. Bg5 35... a4 {} 36. Bxe7 Re6+ 37. Kd1 Re1# 0-1

[Event "5th Karl Wagner mem (B)"]
[Site "Graz"]
[Date "1998.07.11"]
[Round "4.14"]
[White "Bachler, Wilhelm"]
[Black "Goeslbauer, Harald"]
[Result "0-1"]
[WhiteElo "1932"]
[BlackElo "1881"]
[PlyCount "78"]
[EventDate "1998.07.08"]

{4/(14)} 1. Nf3 d5 2. d4 Nf6 3. g3 c6 4. Bg2 Bf5 5. O-O Nbd7 6. Nbd2 e6 7. Re1
Be7 8. Ng5 h6 9. Nh3 O-O 10. e4 dxe4 11. Qe2 e3 12. Nb3 exf2+ 13. Nxf2 Nd5 14.
c3 N7f6 15. Nd3 Rc8 16. Nf4 Bd6 17. Nh5 Nxh5 18. Qxh5 Nf6 19. Qe2 Re8 20. Qf1
Qc7 21. Qf3 Nd5 22. Bd2 Bg6 23. c4 Nf6 24. c5 Be7 25. Bf4 Qd7 26. Qf2 Nd5 27.
Bd2 Bf6 28. Rac1 28... Re7 {} 29. Bxd5 Qxd5 30. Bxh6 Rd7 31. Be3 Qh5 32. Bf4
Rd5 33. Bd6 Qg4 34. Rcd1 Rf5 35. Qg2 Rh5 36. Be5 Bg5 37. Kh1 Rd8 38. Bd6 Kh7
39. Rf1 Be4 0-1

[Event "5th Karl Wagner mem (B)"]
[Site "Graz"]
[Date "1998.07.11"]
[Round "4.15"]
[White "Krautwurst, Josef"]
[Black "Hatzl, Stefan"]
[Result "1-0"]
[WhiteElo "1925"]
[BlackElo "1863"]
[PlyCount "83"]
[EventDate "1998.07.08"]

{4/(15)} 1. d4 Nf6 2. Nf3 g6 3. Nc3 Bg7 4. e4 d6 5. Be2 O-O 6. O-O e5 7. dxe5
dxe5 8. Nxe5 Qxd1 9. Rxd1 Nxe4 10. Nxe4 Bxe5 11. c3 Re8 12. Bf3 Na6 13. Bg5 Kg7
14. Rd2 Be6 15. h3 h6 16. Be3 c6 17. Be2 Nc7 18. Nc5 Rad8 19. Nxe6+ Nxe6 20.
Rad1 Rxd2 21. Rxd2 Bf4 22. Rd7 Bxe3 23. fxe3 Nc5 24. Rc7 Kf6 25. b4 Ne4 26.
Rxb7 Nxc3 27. Bc4 Re7 28. Rb8 Rxe3 29. Rc8 Re7 30. Rxc6+ Kg7 31. Kf1 Ne4 32. a4
Rb7 33. b5 Rb6 34. Rc7 Nd2+ 35. Ke2 Nxc4 36. Rxc4 36... a6 {} 37. Rc6 Rb7 38.
Rxa6 Re7+ 39. Kf3 Rd7 40. Rc6 Ra7 41. Rc4 Kf6 42. b6 1-0

[Event "5th Karl Wagner mem (B)"]
[Site "Graz"]
[Date "1998.07.12"]
[Round "5.1"]
[White "Radl, Guenther"]
[Black "Wagner, Stefan"]
[Result "1/2-1/2"]
[WhiteElo "1995"]
[BlackElo "1759"]
[PlyCount "99"]
[EventDate "1998.07.08"]

{5/(1)} 1. d4 1... d5 2. c4 e6 3. Nc3 Nf6 4. cxd5 exd5 5. Bg5 Be7 6. e3 Bf5 7.
Qb3 Nbd7 8. a3 Nb6 9. Nf3 O-O 10. Be2 c6 11. Ne5 Ne4 12. Bxe7 Qxe7 13. O-O Nd2
14. Qd1 Nxf1 15. Bxf1 f6 16. Nd3 Nc4 17. b3 Nd6 18. Nf4 Ne4 19. Na4 b5 20. Nb2
Rfe8 21. Nbd3 Rac8 22. b4 Bd7 23. Rc1 Ra8 24. g4 a5 25. Ng2 axb4 26. axb4 Ra2
27. f3 Nd2 28. Nc5 Nc4 29. e4 Rea8 30. Qe1 Nd2 31. Qg3 R2a3 32. Bd3 Nb3 33.
Nxb3 Rxb3 34. Bc2 Rc3 35. Ne1 dxe4 36. Qh4 g5 37. Qf2 Raa3 38. fxe4 Bxg4 39.
Qg2 Bh3 40. Qf2 Be6 41. Rd1 Qf7 42. Nd3 Bc4 43. Nc5 Rf3 44. Qg2 h6 45. Qg4 Kg7
46. d5 Be2 47. Qc8 Bxd1 48. Ne6+ Kg6 49. Nf8+ {} 49... Kg7 50. Ne6+ 1/2-1/2

[Event "5th Karl Wagner mem (B)"]
[Site "Graz"]
[Date "1998.07.12"]
[Round "5.2"]
[White "Hatzl, Johannes"]
[Black "Steinert, Martin"]
[Result "1-0"]
[WhiteElo "1869"]
[BlackElo "1990"]
[PlyCount "125"]
[EventDate "1998.07.08"]

{5/(2)} 1. e4 1... c5 2. d3 g6 3. f4 Bg7 4. Nf3 Nc6 5. c3 e6 6. g3 Nge7 7. Bg2
d5 8. O-O O-O 9. e5 Nf5 10. g4 Nh4 11. Nxh4 Qxh4 12. g5 h6 13. Rf3 Qg4 14. h4
d4 15. c4 b6 16. Nd2 Qxh4 17. Ne4 Qh5 18. Qe1 hxg5 19. Rh3 Qg4 20. Nf2 {}
20... Qxg2+ 21. Kxg2 Bb7 22. Ne4 g4 23. Rh4 Nb4 24. Qe2 b5 25. b3 a5 26. a3 Na6
27. cxb5 Nc7 28. a4 Nd5 29. Kg1 Nc3 30. Nxc3 dxc3 31. Qxg4 Rfd8 32. Qe2 Rd5 33.
Be3 Rad8 34. Rd1 f6 35. Rg4 Kf7 36. exf6 Bxf6 37. Rg2 Rh5 38. Rh2 Rdh8 39. Rxh5
Rxh5 40. Qxh5 gxh5 41. Bxc5 h4 42. b4 axb4 43. Bxb4 Bd4+ 44. Kh2 e5 45. Rc1 Be3
46. Rxc3 Bxf4+ 47. Kh3 Bd5 48. Kxh4 Kf6 49. Rc8 Be6 50. Rf8+ Kg6 51. a5 Bh6 52.
Rf1 Be3 53. Bc3 Bf4 54. a6 Bc8 55. Ra1 Be3 56. Kg3 Bf4+ 57. Kf3 Kg5 58. b6 Bg4+
59. Kf2 Bf5 60. a7 Bxd3 61. a8=Q e4 62. Qg8+ Kf5 63. Ra5+ 1-0

[Event "5th Karl Wagner mem (B)"]
[Site "Graz"]
[Date "1998.07.12"]
[Round "5.3"]
[White "Roerig, Gerhard"]
[Black "Egger, Philipp"]
[Result "0-1"]
[WhiteElo "1881"]
[BlackElo "1973"]
[PlyCount "70"]
[EventDate "1998.07.08"]

{5/(3)} 1. Nf3 1... g6 2. g3 Bg7 3. Bg2 e5 4. d3 Ne7 5. O-O O-O 6. e4 d6 7. c3
Be6 8. Be3 h6 9. Nbd2 Qc8 10. d4 exd4 11. cxd4 d5 12. e5 Nf5 13. Qe2 Nxe3 14.
Qxe3 Na6 15. Nb3 Qd7 16. Rfc1 c6 17. Bf1 Bg4 18. Ne1 Rae8 19. Bxa6 bxa6 20. Qc3
f6 21. Qxc6 Qf5 22. Qxd5+ Kh8 23. f4 fxe5 24. dxe5 {} 24... Rxe5 25. Qg2 Re2
26. Qc6 g5 27. Rc5 Qf7 28. Nd3 Qh5 29. Nf2 Bf3 30. Qxa6 Ba8 31. g4 Qe8 32. f5
Qe3 33. Qxe2 Qxe2 34. Rd1 Qf3 35. Kf1 Re8 0-1

[Event "5th Karl Wagner mem (B)"]
[Site "Graz"]
[Date "1998.07.12"]
[Round "5.4"]
[White "Hoegenwarth, Helmut"]
[Black "Steiner, Karl"]
[Result "0-1"]
[WhiteElo "1990"]
[BlackElo "1919"]
[PlyCount "96"]
[EventDate "1998.07.08"]

{5/(4)} 1. d4 1... c6 2. c4 d5 3. e3 Bf5 4. Nc3 e6 5. Nf3 Nf6 6. Nh4 Bg4 7. Nf3
Nbd7 8. h3 Bh5 9. cxd5 exd5 10. Be2 Bd6 11. Bd2 O-O 12. Qc2 Re8 13. Ng1 Bg6 14.
Bd3 Bxd3 15. Qxd3 Ne4 16. Nxe4 dxe4 17. Qb3 Qb6 18. Qc2 Rac8 19. Bc3 Nf6 20.
Ne2 Nd5 21. Qd2 Nb4 22. O-O Re6 23. f3 Nd5 24. f4 f5 25. a3 Qd8 26. g3 Rg6 27.
Kh2 h5 28. h4 Be7 29. Kh3 Rg4 30. Rh1 {} 30... Bxh4 31. Kg2 g6 32. Rh3 Be7 33.
Kf2 Kf7 34. Rah1 Qd6 35. Ke1 Rh8 36. Nc1 Bf6 37. Na2 h4 38. gxh4 Rgxh4 39. Rxh4
Rxh4 40. Rxh4 Bxh4+ 41. Kd1 g5 42. Nb4 gxf4 43. Nxd5 cxd5 44. Qh2 Qh6 45. exf4
Bg5 46. Qxh6 Bxh6 47. Bd2 Kg6 48. Kc2 Kh5 0-1

[Event "5th Karl Wagner mem (B)"]
[Site "Graz"]
[Date "1998.07.12"]
[Round "5.5"]
[White "Huber, Adolf"]
[Black "Kerschenbauer, Franz"]
[Result "1-0"]
[WhiteElo "1981"]
[BlackElo "1915"]
[PlyCount "55"]
[EventDate "1998.07.08"]

{5/(5)} 1. e4 1... g6 2. Nf3 Bg7 3. d4 d6 4. Nc3 Nd7 5. Bb5 e6 6. O-O Ne7 7.
Re1 O-O 8. e5 a6 9. Bf1 b6 10. Bf4 dxe5 11. dxe5 Bb7 12. Qe2 h6 13. h4 Nf5 14.
g3 Bxf3 15. Qxf3 g5 16. hxg5 hxg5 17. Be3 Nxe5 18. Qh5 Nxe3 19. Rxe3 Bf6 20.
Bg2 Rb8 21. Be4 Re8 22. Rd1 Qc8 23. f4 Nc4 24. fxg5 Bg7 25. Rf3 25... Re7 {}
26. Rf6 c6 27. Rh6 Qc7 28. Rh8+ 1-0

[Event "5th Karl Wagner mem (B)"]
[Site "Graz"]
[Date "1998.07.12"]
[Round "5.6"]
[White "Kleinsasser, Franz"]
[Black "Koeck, Franz"]
[Result "0-1"]
[WhiteElo "1938"]
[BlackElo "1907"]
[PlyCount "139"]
[EventDate "1998.07.08"]

{5/(6)} 1. d4 1... d5 2. Nf3 Nf6 3. c4 c6 4. Nc3 e6 5. Bg5 Nbd7 6. e3 Qa5 7.
Bxf6 Nxf6 8. Nd2 Qb6 9. Qc2 Be7 10. Bd3 Qc7 11. O-O h6 12. Rac1 Bd7 13. a3 Rc8
14. b4 dxc4 15. Nxc4 Nd5 16. Ne5 Bf6 17. Nc4 O-O 18. Ne4 Be7 19. Ne5 Bf6 20.
Nxf6+ Nxf6 21. Qa4 a6 22. Rc2 Be8 23. Qa5 Nd5 24. Rfc1 f6 25. Qxc7 Nxc7 26. Nc4
Bf7 27. Nd6 Rb8 28. Ne4 Rfd8 29. Nc5 Kf8 30. Kf1 Ke7 31. Ke2 Be8 32. f3 b6 33.
Nb3 Nd5 34. g3 f5 35. Nd2 b5 36. Nb3 Kd6 37. Na5 Ne7 38. e4 Rb6 39. Ke3 g5 40.
Rc5 Bd7 41. Rh1 Rf8 42. Rcc1 Rbb8 43. Be2 e5 44. dxe5+ Kxe5 45. Rhd1 {} 45...
f4+ 46. Kf2 Be8 47. Rd2 Rf6 48. Rc5+ Ke6 49. Bd1 Kf7 50. Bb3+ Kg7 51. g4 Rf8
52. Rd6 Rc8 53. e5 Rc7 54. Bc2 Nc8 55. Rd8 Bd7 56. Rxf8 Kxf8 57. Bf5 Ke7 58.
Nb3 Nb6 59. Rc3 Nc4 60. e6 Bxe6 61. Bxe6 Kxe6 62. Nc5+ Ke5 63. Rd3 a5 64. bxa5
Nxa5 65. h4 Nc4 66. hxg5 hxg5 67. Ne4 Rg7 68. Ke2 Rg6 69. Rc3 Ne3 70. Rd3 0-1

[Event "5th Karl Wagner mem (B)"]
[Site "Graz"]
[Date "1998.07.12"]
[Round "5.7"]
[White "Jahrer, Michael"]
[Black "Rass, Ewald"]
[Result "1-0"]
[WhiteElo "1928"]
[BlackElo "1867"]
[PlyCount "83"]
[EventDate "1998.07.08"]

{5/(7)} 1. d4 1... Nf6 2. c4 e6 3. Nf3 b6 4. g3 Bb7 5. Bg2 Be7 6. O-O O-O 7.
Nc3 c5 8. e3 d6 9. Bd2 Nbd7 10. Qe2 Ne4 11. Nxe4 Bxe4 12. Bc3 Nf6 13. Rfd1 Qc7
14. Nd2 Bxg2 15. Kxg2 Qb7+ 16. f3 cxd4 17. Bxd4 Rfd8 18. e4 Rd7 19. Nf1 Rad8
20. Ne3 Qa6 21. Rd2 Qa5 22. Bc3 Qc5 23. Rad1 Qc6 24. Bd4 Ne8 25. Ng4 h5 26. Ne3
Bg5 27. Kg1 g6 28. b3 Bf6 29. Nc2 Bxd4+ 30. Nxd4 Qc5 31. Kg2 Nf6 32. b4 Qc8 33.
Nb5 Qb8 34. h3 a6 35. Nd4 Qb7 36. g4 Kg7 37. e5 Ne8 38. gxh5 gxh5 39. Kh2 dxe5
40. Qxe5+ Kf8 41. Qh8+ 41... Ke7 {} 42. Nf5+ 1-0

[Event "5th Karl Wagner mem (B)"]
[Site "Graz"]
[Date "1998.07.12"]
[Round "5.9"]
[White "Gossmann, Ewald"]
[Black "Schriebl, Alexander"]
[Result "1/2-1/2"]
[WhiteElo "1830"]
[BlackElo "1922"]
[PlyCount "126"]
[EventDate "1998.07.08"]

{5/(9)} 1. d4 1... Nf6 2. c4 c5 3. d5 b5 4. cxb5 a6 5. bxa6 Bxa6 6. Nc3 d6 7.
e4 Bxf1 8. Kxf1 g6 9. Nf3 Bg7 10. g3 O-O 11. Kg2 Nbd7 12. Re1 Ng4 13. Qc2 Qa5
14. Bd2 Nb6 15. Ne2 Qa7 16. Bc3 Nf6 17. b3 e6 18. dxe6 fxe6 19. Nf4 Rae8 20.
Rad1 e5 21. Nh3 Qc7 22. Ba5 h6 23. Nh4 Kh7 24. Rd2 Qc6 25. Bxb6 Qxb6 26. Red1
Rd8 27. Qc4 Qc6 28. f3 g5 29. Nf5 g4 30. Nf2 gxf3+ 31. Kg1 d5 32. exd5 Qd7 33.
Nxg7 Qxg7 34. Ne4 Nh5 35. Nxc5 {} 35... Nxg3 36. Kf2 Nh1+ 37. Rxh1 Qg2+ 38.
Ke3 f2 39. Qe4+ Qxe4+ 40. Nxe4 f1=Q 41. Rxf1 Rxf1 42. Nc5 Kg6 43. d6 Rf6 44. d7
Rb6 45. Ke4 Kf6 46. Rf2+ Ke7 47. Kxe5 Rg8 48. h4 Rb4 49. Rf6 Rxh4 50. Re6+ Kd8
51. Kd6 Rb4 52. Kc6 h5 53. Rh6 h4 54. Nb7+ Rxb7 55. Kxb7 Kxd7 56. Rxh4 Kd6 57.
Rh6+ Kc5 58. a4 Rg7+ 59. Ka6 Rg8 60. Rh5+ Kc6 61. Rh7 Ra8+ 62. Ra7 Rb8 63. a5
Rxb3 1/2-1/2

[Event "5th Karl Wagner mem (B)"]
[Site "Graz"]
[Date "1998.07.12"]
[Round "5.10"]
[White "Enoeckl, Philipp"]
[Black "Krumphals, Friedrich"]
[Result "1-0"]
[WhiteElo "1995"]
[BlackElo "1920"]
[PlyCount "47"]
[EventDate "1998.07.08"]

{5/(10)} 1. d4 1... Nf6 2. c4 g6 3. Nc3 Bg7 4. e4 d6 5. Nf3 O-O 6. Bg5 c5 7. d5
h6 8. Be3 Bg4 9. Be2 Na6 10. O-O Nc7 11. Nd2 Bd7 12. f4 a6 13. e5 Nh7 14. Bd3
dxe5 15. fxe5 Bxe5 16. Bxc5 Re8 17. Qe1 Bg7 18. Qg3 18... Qb8 {} 19. Rxf7 Kxf7
20. Qxg6+ Kf8 21. Qxh7 Nxd5 22. Nxd5 Qe5 23. Rf1+ Bf6 24. Rxf6+ 1-0

[Event "5th Karl Wagner mem (B)"]
[Site "Graz"]
[Date "1998.07.12"]
[Round "5.11"]
[White "Koban, Markus"]
[Black "Zeindl, Stefan"]
[Result "1/2-1/2"]
[WhiteElo "1915"]
[BlackElo "1979"]
[PlyCount "82"]
[EventDate "1998.07.08"]

{5/(11)} 1. e4 1... e6 2. d4 d5 3. e5 c5 4. c3 Qb6 5. Nf3 Nc6 6. Be2 cxd4 7.
cxd4 Nh6 8. Nc3 Nf5 9. Na4 Bb4+ 10. Bd2 Qa5 11. Bc3 Bd7 12. a3 Bxc3+ 13. Nxc3
Rc8 14. O-O O-O 15. b4 Qb6 16. Na4 Qd8 17. Nc5 b6 18. Nxd7 Qxd7 19. Bb5 Qb7 20.
Qd3 Nb8 21. g4 Ne7 22. Ng5 Ng6 23. h4 Qe7 24. f4 h6 25. f5 {} 25... exf5 26.
gxf5 hxg5 27. fxg6 gxh4 28. gxf7+ Rxf7 29. Rxf7 Qg5+ 30. Kh1 Kxf7 31. Qf3+ Kg8
32. Qxd5+ Kh8 33. Rg1 Qe3 34. Qg2 g5 35. Qg4 Rc1 36. Rxc1 Qxc1+ 37. Qg1 Qxa3
38. Qxg5 Qf3+ 39. Qg2 Qd1+ 40. Qg1 Qf3+ 41. Qg2 Qd1+ 1/2-1/2

[Event "5th Karl Wagner mem (B)"]
[Site "Graz"]
[Date "1998.07.12"]
[Round "5.12"]
[White "Schneider, Martin"]
[Black "Schmaranzer, Alfred"]
[Result "0-1"]
[WhiteElo "1910"]
[BlackElo "1966"]
[PlyCount "90"]
[EventDate "1998.07.08"]

{5/(12)} 1. e4 1... d5 2. exd5 Nf6 3. Bb5+ Nbd7 4. c4 a6 5. Ba4 b5 6. cxb5 Nxd5
7. Nc3 Bb7 8. Nf3 N5b6 9. bxa6 Rxa6 10. Bb5 Ra8 11. d4 e6 12. O-O Be7 13. Ne5
O-O 14. Nc6 Bxc6 15. Bxc6 Ra5 16. Bf4 Nb8 17. Be4 Bf6 18. b4 Ra6 19. Be3 Nc4
20. Qb3 Nxe3 21. fxe3 Be7 22. a4 c6 23. b5 cxb5 24. axb5 Rxa1 25. Rxa1 Bd6 26.
g3 Qg5 27. Ne2 h5 28. b6 h4 29. Kf2 hxg3+ 30. hxg3 g6 31. b7 e5 32. Qd5 Qf6+
33. Kg2 exd4 34. Nxd4 Be5 35. Ra5 Re8 36. Nc6 Bc7 37. Ra8 Qb2+ 38. Kf3 Qc1 39.
Nxb8 Qf1+ 40. Kg4 {} 40... Rxe4+ 41. Qxe4 f5+ 42. Kg5 fxe4 43. Kxg6 Qf7+ 44.
Kg5 Qd5+ 45. Kf6 Bd8+ 0-1

[Event "5th Karl Wagner mem (B)"]
[Site "Graz"]
[Date "1998.07.12"]
[Round "5.13"]
[White "Kogler, Norbert"]
[Black "Gallob, Boris"]
[Result "1-0"]
[WhiteElo "1949"]
[BlackElo "1882"]
[PlyCount "79"]
[EventDate "1998.07.08"]

{5/(13)} 1. d4 1... Nf6 2. Bg5 Ne4 3. Bf4 d5 4. e3 Bf5 5. f3 Nf6 6. Bd3 Bg6 7.
c4 e6 8. Ne2 c6 9. Bxg6 hxg6 10. Qb3 Qb6 11. c5 Qxb3 12. axb3 Nbd7 13. h3 Be7
14. Nbc3 Nh5 15. Bh2 O-O 16. b4 Rfc8 17. b5 {} 17... Nxc5 18. dxc5 Bxc5 19.
bxc6 Rxc6 20. Kf2 a6 21. Rhc1 Bd6 22. Bxd6 Rxd6 23. Na4 b5 24. Nc5 Nf6 25. f4
Kf8 26. Nd4 Ne4+ 27. Ke2 Nxc5 28. Rxc5 b4 29. Rc6 Rxc6 30. Nxc6 a5 31. Rxa5 Rc8
32. Nxb4 Rc4 33. Rb5 Rc1 34. Nd3 Ra1 35. b4 Ra2+ 36. Kf3 Rc2 37. Rc5 Rd2 38.
Ne5 Rb2 39. Rc8+ Ke7 40. Rc7+ 1-0

[Event "5th Karl Wagner mem (B)"]
[Site "Graz"]
[Date "1998.07.12"]
[Round "5.14"]
[White "Jud, Karl-Heinz"]
[Black "Meixner, Helmut"]
[Result "1-0"]
[WhiteElo "1943"]
[BlackElo "1839"]
[PlyCount "137"]
[EventDate "1998.07.08"]

{5/(14)} 1. b3 1... d5 2. e3 e5 3. Bb2 Bd6 4. Nf3 Qe7 5. c4 c6 6. cxd5 cxd5 7.
Nc3 Nf6 8. Nb5 Nc6 9. Nxd6+ Qxd6 10. Bb5 e4 11. Nd4 O-O 12. a3 Ne5 13. Bc3 a6
14. Be2 Re8 15. h3 Nfd7 16. f4 exf3 17. Nxf3 Nxf3+ 18. gxf3 Qg3+ 19. Kf1 Ne5
20. f4 {} 20... Bxh3+ 21. Rxh3 Qxh3+ 22. Ke1 Nc6 23. Bf3 Qg3+ 24. Ke2 Rad8 25.
Qg1 Qxg1 26. Rxg1 g6 27. Bb2 Na5 28. Bf6 Rc8 29. Bxd5 Rc5 30. Bf3 Nxb3 31. Bxb7
Rc2 32. Rd1 h5 33. Bh4 Nc1+ 34. Kf3 Nb3 35. Be1 a5 36. Bd5 Rc1 37. Bxb3 Rxd1
38. Bxd1 Rb8 39. Ba4 Rb1 40. Bh4 Ra1 41. Be7 Kg7 42. Bd7 f6 43. a4 h4 44. Kg4
Rd1 45. Kxh4 Rxd2 46. Bb5 Rd5 47. Kg4 Rd2 48. Bc5 Rd8 49. Kf3 Kf7 50. e4 Ke6
51. Bc4+ Kd7 52. Bd5 Rb8 53. e5 fxe5 54. fxe5 Re8 55. Bd6 Rh8 56. Kg4 Rh5 57.
Bf7 Rh2 58. Bxg6 Rh1 59. Bf8 Rg1+ 60. Kh5 Rh1+ 61. Kg5 Rg1+ 62. Kf6 Rf1+ 63.
Bf5+ Ke8 64. Bd6 Rf4 65. e6 Rxa4 66. Bg6+ Kd8 67. e7+ Kd7 68. e8=Q+ Kxd6 69.
Qxa4 1-0

[Event "5th Karl Wagner mem (B)"]
[Site "Graz"]
[Date "1998.07.12"]
[Round "5.15"]
[White "Antic, Dragan"]
[Black "Mallner, Wilhelm"]
[Result "1/2-1/2"]
[WhiteElo "1941"]
[BlackElo "1791"]
[PlyCount "126"]
[EventDate "1998.07.08"]

{5/(15)} 1. e4 1... e5 2. Nf3 Nc6 3. Bb5 Nf6 4. Qe2 Bc5 5. O-O d6 6. h3 Bd7 7.
c3 Qe7 8. Rd1 O-O 9. d3 Rfe8 10. Nbd2 Bb6 11. Nc4 Rad8 12. Bg5 Nb8 13. Nxb6
axb6 14. a4 Nc6 15. Nh2 h6 16. Be3 Be6 17. Rd2 Rf8 18. g4 Nh7 19. d4 Na5 20. d5
Bc8 21. Ra3 Qh4 22. b4 Qxh3 23. bxa5 bxa5 24. Ra1 Nf6 25. f3 h5 26. g5 Qg3+ 27.
Qg2 {} 27... Nxe4 28. Qxg3 Nxg3 29. Nf1 Nf5 30. Rh2 g6 31. Kf2 Nxe3 32. Kxe3
f5 33. gxf6 Rxf6 34. Ng3 Rdf8 35. Rf1 Bf5 36. Rh4 Kg7 37. Rg1 Kh6 38. Nxf5+
Rxf5 39. Rg3 g5 40. Rh1 h4 41. Bd3 Rf4 42. Be4 Rc8 43. Rg2 Kh5 44. Rb2 Rb8 45.
Rhb1 b6 46. Rg1 Rg8 47. Rbg2 Rg7 48. Rg4 Rf8 49. Bd3 Rf6 50. Bf1 Rf8 51. Bh3
Kh6 52. R1g2 Rf6 53. Rc4 Rf8 54. Bg4 Kg6 55. Be6 Kf6 56. Kd3 Rh7 57. Rcg4 Rfh8
58. Ke3 Rf8 59. Kf2 Rg7 60. Kg1 Rh8 61. Kh2 Rf8 62. Rc4 Rh7 63. Rcg4 Rg7
1/2-1/2

[Event "5th Karl Wagner mem (B)"]
[Site "Graz"]
[Date "1998.07.14"]
[Round "6.1"]
[White "Wagner, Stefan"]
[Black "Hatzl, Johannes"]
[Result "0-1"]
[WhiteElo "1759"]
[BlackElo "1869"]
[PlyCount "86"]
[EventDate "1998.07.08"]

{6/(1)} 1. c4 1... e5 2. Nc3 g6 3. g3 Bg7 4. Bg2 d6 5. d3 c6 6. e4 f5 7. Nge2
Nf6 8. f4 O-O 9. Bd2 Be6 10. Qc2 Qe7 11. b4 fxe4 12. Nxe4 Nxe4 13. Bxe4 {}
13... d5 14. Rd1 dxe4 15. dxe4 Na6 16. a3 Rad8 17. O-O Bg4 18. Be3 b6 19. c5 b5
20. a4 Kh8 21. Rb1 Bxe2 22. Qxe2 Nc7 23. f5 gxf5 24. exf5 Nd5 25. Bd2 a6 26. h4
Rg8 27. Kh2 Bf6 28. Kh3 e4 29. Rbe1 Qe5 30. g4 Nc3 31. Qg2 Rd3+ 32. Re3 Rxe3+
33. Bxe3 Nd5 34. Bh6 Qc3+ 35. Kh2 Ne3 36. Bxe3 Qxe3 37. Qg3 Qxg3+ 38. Kxg3 Be5+
39. Kh3 Rd8 40. g5 Rd4 41. axb5 axb5 42. f6 Kg8 43. Ra1 Rd3+ 0-1

[Event "5th Karl Wagner mem (B)"]
[Site "Graz"]
[Date "1998.07.14"]
[Round "6.2"]
[White "Egger, Philipp"]
[Black "Huber, Adolf"]
[Result "0-1"]
[WhiteElo "1973"]
[BlackElo "1981"]
[PlyCount "64"]
[EventDate "1998.07.08"]

{6/(2)} 1. d4 1... d5 2. c4 e6 3. Nc3 Nf6 4. Bg5 Nbd7 5. cxd5 exd5 6. e3 Be7 7.
Bd3 c6 8. Qc2 h6 9. Bf4 b6 10. Nge2 Bb7 11. f3 Nh5 12. Bg6 Bh4+ 13. g3 Nxf4 14.
Nxf4 O-O 15. Bf5 Bg5 16. Ng2 Re8 17. f4 Bf6 18. O-O-O Nf8 19. g4 g6 20. Bd3 c5
21. Be2 Rc8 22. g5 hxg5 23. f5 cxd4 24. exd4 Re4 25. fxg6 fxg6 26. Kb1 Rxd4 27.
Bd3 Rb4 28. Ka1 d4 29. Be4 Ba6 30. Bxg6 Qc7 31. Qf5 {} 31... dxc3 32. Qxf6
cxb2+ 0-1

[Event "5th Karl Wagner mem (B)"]
[Site "Graz"]
[Date "1998.07.14"]
[Round "6.3"]
[White "Koeck, Franz"]
[Black "Radl, Guenther"]
[Result "0-1"]
[WhiteElo "1907"]
[BlackElo "1995"]
[PlyCount "66"]
[EventDate "1998.07.08"]

{6/(3)} 1. e4 1... c5 2. Nf3 Nc6 3. d4 cxd4 4. Nxd4 Nf6 5. Nc3 e5 6. Ndb5 d6 7.
Nd5 Nxd5 8. exd5 Nb8 9. c4 a6 10. Nc3 Be7 11. Bd3 O-O 12. O-O f5 13. f3 Nd7 14.
Be3 Bf6 15. Qc2 g6 16. b4 Bg5 17. Bf2 Nf6 18. Rfe1 Nh5 19. g3 Bh6 20. c5 e4 21.
fxe4 f4 22. Be2 fxg3 23. hxg3 Rxf2 24. Kxf2 Qf6+ 25. Kg2 {} 25... Nxg3 26. Bf3
Qh4 27. Kg1 Bg7 28. Rad1 Bg4 29. Bg2 Bxd1 30. Rxd1 Bxc3 31. Rd3 Be5 32. a4 Rf8
33. Qd1 Ne2+ 0-1

[Event "5th Karl Wagner mem (B)"]
[Site "Graz"]
[Date "1998.07.14"]
[Round "6.4"]
[White "Steiner, Karl"]
[Black "Jahrer, Michael"]
[Result "1/2-1/2"]
[WhiteElo "1919"]
[BlackElo "1928"]
[PlyCount "53"]
[EventDate "1998.07.08"]

{6/(4)} 1. Nf3 1... Nf6 2. c4 e6 3. d4 b6 4. g3 Ba6 5. b3 Bb4+ 6. Bd2 Be7 7.
Nc3 d5 8. cxd5 exd5 9. Bg2 O-O 10. O-O Bb7 11. Rc1 Na6 12. Ne5 Ba3 13. Rb1 c6
14. Bc1 Bb4 15. Bb2 Re8 16. e3 Bd6 17. Ne2 Nd7 18. Nd3 Nc7 19. Nef4 Ne6 20.
Nxe6 Rxe6 21. Rc1 Qe7 22. a4 a5 23. Re1 Re8 24. Qd2 Rh6 25. e4 Qd8 26. exd5
cxd5 27. Rxe8+ 1/2-1/2

[Event "5th Karl Wagner mem (B)"]
[Site "Graz"]
[Date "1998.07.14"]
[Round "6.5"]
[White "Krautwurst, Josef"]
[Black "Enoeckl, Philipp"]
[Result "0-1"]
[WhiteElo "1925"]
[BlackElo "1995"]
[PlyCount "73"]
[EventDate "1998.07.08"]

{6/(5)} 1. d4 1... Nf6 2. Nf3 g6 3. Nc3 d5 4. Bf4 Bf5 5. Nb5 Na6 6. h3 Bg7 7.
e3 c6 8. Na3 Qb6 9. Qc1 Rc8 10. Ne5 O-O 11. g4 Be6 12. Be2 Nd7 13. Nxd7 Bxd7
14. O-O c5 15. c3 cxd4 16. exd4 Bxd4 17. Qd2 Bf6 18. Bxa6 Qxa6 19. Qxd5 Bc6 20.
Qb3 Qe2 21. f3 Bxf3 22. Rf2 Qe4 23. Raf1 Qxf4 24. Rxf3 Qc7 25. Nc2 Rcd8 26. Ne1
Rd2 27. Ng2 Qc5+ 28. Kh1 Qd5 29. Qxd5 Rxd5 30. Nf4 Rd2 31. g5 Bg7 32. h4 Rfd8
33. c4 {} 33... R8d4 34. b3 Rxa2 35. Ng2 Rg4 36. Ne3 Rxh4+ 37. Kg1 0-1

[Event "5th Karl Wagner mem (B)"]
[Site "Graz"]
[Date "1998.07.14"]
[Round "6.6"]
[White "Steinert, Martin"]
[Black "Schuetz, Christian"]
[Result "1/2-1/2"]
[WhiteElo "1990"]
[BlackElo "1882"]
[PlyCount "91"]
[EventDate "1998.07.08"]

{6/(6)} 1. d4 1... Nf6 2. c4 g6 3. Nc3 Bg7 4. e4 d6 5. Be2 O-O 6. Nf3 e5 7. O-O
Nc6 8. d5 Ne7 9. Ne1 Nd7 10. g4 f5 11. gxf5 gxf5 12. Kh1 Nf6 13. Rg1 Ng6 14.
Bg5 Qe8 15. Bd3 Ng4 16. Qe2 Nxf2+ 17. Qxf2 fxe4 18. Qe3 exd3 19. Nxd3 Bf5 20.
Ne4 Rf7 21. Rg3 Qd7 22. h4 Bxe4+ 23. Qxe4 Qf5 24. Qxf5 Rxf5 25. h5 Nf4 26. Nxf4
exf4 27. Rg4 Kh8 28. h6 Be5 29. Rag1 f3 30. Bh4 c6 31. Rf1 cxd5 32. cxd5 Rc8
33. Bg3 Bxg3 34. Rxg3 Rxd5 35. Rfxf3 Rh5+ 36. Rh3 Rxh3+ 37. Rxh3 d5 38. Kg2 Rc6
39. Kf2 {} 39... Rc2+ 40. Ke3 Rxb2 41. Kd4 Rd2+ 42. Ke5 d4 43. Rf3 Kg8 44.
Rg3+ Kf8 45. Rg7 d3 46. Rxh7 1/2-1/2